| 000 | 00440nam a2200169Ia 4500 | ||
|---|---|---|---|
| 005 | 20240812065508.0 | ||
| 008 | 240331s9999 xx 000 0 und d | ||
| 020 | _a9555800596 | ||
| 082 |
_bMIS _a398.27 |
||
| 100 | _aMisra, J | ||
| 245 | 4 | _aThe sorrow of unanswered questions | |
| 260 |
_aColombo _bInternational Centre for ethnic Studies _c2001 |
||
| 300 | _axvii, 77 p ., | ||
| 650 | _aWoman | ||
| 650 | _aReligion Rituals | ||
| 942 | _cL | ||
| 999 |
_c2978 _d2978 |
||